Sports Quiz

Random Sports or NBA Quiz

NBA: Finals 3-Point Leaders Quiz Stats

 Plays Quiz Updated Jun 14, 2019

Score 0/40 Timer 07:00
9 Plays Today
Year - Team Player % Correct
2017 - WarriorsStephen Curry
99.2%
2016 - WarriorsStephen Curry
99.2%
2015 - WarriorsStephen Curry
99.2%
2018 - WarriorsStephen Curry
99.1%
2019 - WarriorsKlay Thompson
95.1%
2014 - HeatLeBron James
93.8%
2010 - LakersKobe Bryant
90.2%
2008 - CelticsRay Allen
89.6%
1992 - BullsMichael Jordan
85.4%
2000 - PacersReggie Miller
74.4%
2007 - SpursManu Ginobili
73.4%
2001 - 76ersAllen Iverson
70.7%
1986 - CelticsLarry Bird
69.5%
2013 - SpursDanny Green
65.3%
2004 - PistonsChauncey Billups
60.7%
2011 - HeatMario Chalmers
49.3%
1990 - PistonsIsiah Thomas
48.3%
2006 - MavericksJason Terry
45.9%
2002 - LakersDerek Fisher
45.8%
1995 - MagicAnfernee Hardaway
42.7%
Year - Team Player % Correct
2005 - SpursRobert Horry
40.4%
1980 - 76ersJulius Erving
37.7%
2009 - MagicRashard Lewis
36.3%
1998 - BullsToni Kukoc
35.7%
1996 - BullsToni Kukoc
35.7%
1988 - LakersByron Scott
35.3%
2012 - HeatShane Battier
28.6%
1989 - LakersMichael Cooper
23.9%
1987 - LakersMichael Cooper
23.9%
1984 - LakersMichael Cooper
23.9%
2003 - SpursStephen Jackson
23.7%
1999 - SpursJaren Jackson
23.7%
1993 - SunsDan Majerle
21.9%
1994 - KnicksDerek Harper
21.3%
1997 - JazzBryon Russell
20.5%
1982 - 76ersAndrew Toney
9.5%
1991 - LakersSam Perkins
6.8%
1983 - LakersBob McAdoo
3.9%
1985 - CelticsScott Wedman
3.6%
1981 - RocketsMike Dunleavy
1.7%

You're not logged in!

Compare scores with friends on all Sporcle quizzes.
OR
Log In

Sporcle TV

Today on Sporcle TV


Watch our educational content, quiz creation guides, and fun videos on Sporcle TV.

Show Comments

Extras

Top Quizzes Today


Score Distribution

Your Account Isn't Verified!

In order to create a playlist on Sporcle, you need to verify the email address you used during registration. Go to your Sporcle Settings to finish the process.

Report this User

Report this user for behavior that violates our Community Guidelines.

Details: